000
00290nam a22001217a 4500
041
_a
ENG
100
_a
Mohan.S.C
245
_a
Training Manual Soil Conservation & Watershed Management Vol 1
260
_a
Dehadun.
_b
ICER
_c
2007
300
_a
330
650
_a
SWCE
856
_u
SWCE ( 24 )
999
_c
1830
_d
1830